| 000 | 00549nam a2200181Ia 4500 | ||
|---|---|---|---|
| 003 | OSt | ||
| 005 | 20250204141729.0 | ||
| 008 | 210210b1954 xxu||||| |||| 00| 0 eng d | ||
| 040 | _cAL | ||
| 041 | _akan | ||
| 082 | _a859/1165 | ||
| 100 |
_aBASAVARAJA KATTIMANI _9146353 _dಬಸವರಾಜ ಕಟ್ಟೀಮನಿ. |
||
| 245 |
_aJanivara mattu shivadara: _bಜನಿವಾರ ಮತ್ತು ಶಿವಧಾರ |
||
| 260 |
_aBengaluru _bSharada Prakatanalaya _c1954 |
||
| 690 |
_aKannada Fiction _9146354 |
||
| 906 | _a021910 | ||
| 942 |
_2ddc _cBK |
||
| 999 |
_c146016 _d146016 |
||